MARC

LEADER 00000nam0a2200000 4500
001 73887
005 20231031084817.0
010 |a 5853580779 
035 |a (RuTPU)RU\TPU\book\78820 
090 |a 73887 
100 |a 20050224d1994 k y0rusy50 ca 
101 0 |a rus 
102 |a RU 
105 |a a z 001zy 
200 1 |a Вопросы промышленного освоения месторождений природных битумов Урало- Поволжья  |e сборник научных трудов  |h Вып. 119  |f Всероссийский нефтегазовый научно-исследовательский институт; Под ред. В. М. Валовского 
210 |a Москва  |c [Б. и.]  |d 1994 
215 |a 130 с.  |c ил. 
320 |a Библиогр.: с. 127-128 
610 1 |a нефтяные месторождения 
610 1 |a битумы 
610 1 |a промышленное освоение 
610 1 |a Урало-Поволжье 
610 1 |a геологическое строение 
610 1 |a залегание 
610 1 |a термические методы 
610 1 |a применение 
610 1 |a битумные скважины 
610 1 |a эксплуатация 
610 1 |a сборники 
675 |a 622.276.279  |v 3 
702 1 |a Валовский  |b В. М.  |4 340 
712 0 2 |a Всероссийский нефтегазовый научно-исследовательский институт  |2 stltpush  |3 (RuTPU)RU\TPU\col\244 
801 1 |a RU  |b 63413507  |c 20050224  |g PSBO 
801 2 |a RU  |b 63413507  |c 20050224  |g PSBO 
942 |c BK